<?xml version="1.0" encoding="UTF-8"?>
<collection xmlns="http://www.loc.gov/MARC21/slim">
 <record>
  <leader>01463nam a2200229Ia 4500</leader>
  <controlfield tag="001">CTU_135358</controlfield>
  <controlfield tag="008">210402s9999    xx            000 0 und d</controlfield>
  <datafield tag="020" ind1=" " ind2=" ">
   <subfield code="c">9000</subfield>
  </datafield>
  <datafield tag="082" ind1=" " ind2=" ">
   <subfield code="a">324.2075092</subfield>
  </datafield>
  <datafield tag="082" ind1=" " ind2=" ">
   <subfield code="b">Tr513</subfield>
  </datafield>
  <datafield tag="110" ind1=" " ind2=" ">
   <subfield code="a">Trung ương Đoàn Thanh niên Cộng sản Hồ Chí Minh</subfield>
  </datafield>
  <datafield tag="245" ind1=" " ind2="0">
   <subfield code="a">Tuổi trẻ việt nam học tập và làm theo lời Bác</subfield>
  </datafield>
  <datafield tag="245" ind1=" " ind2="0">
   <subfield code="b">(Tài liệu phục vụ sinh hoạt chi đoàn và đoàn cơ sở)</subfield>
  </datafield>
  <datafield tag="245" ind1=" " ind2="0">
   <subfield code="c">Trung ương Đoàn Thanh niên Cộng sản Hồ Chí Minh</subfield>
  </datafield>
  <datafield tag="260" ind1=" " ind2=" ">
   <subfield code="a">Hà Nội</subfield>
  </datafield>
  <datafield tag="260" ind1=" " ind2=" ">
   <subfield code="b">Thanh niên</subfield>
  </datafield>
  <datafield tag="260" ind1=" " ind2=" ">
   <subfield code="c">2008</subfield>
  </datafield>
  <datafield tag="520" ind1=" " ind2=" ">
   <subfield code="a">Thực hiện chỉ thị số 06-CT/TW ngày 07/11/2006 của Bộ Chính trị về tổ chức cuộc vận động &quot;Học tập làm theo tấm gương đạo đức Hồ Chí Minh&quot;, để phục vụ việc triển khai và thực hiện có hiệu quả cuộc vận động &quot;Tuổi trẻ Việt Nam học tập và làm theo lời Bác&quot; là một tài liệu cần thiết phục vụ cho đoàn viên, thanh thiếu nhi ở cơ sở. Nội dung bao gồm hai phần: Một số văn bản chỉ đạo và một số tư liệu tham khảo.</subfield>
  </datafield>
  <datafield tag="650" ind1=" " ind2=" ">
   <subfield code="a">Hồ Chí Minh,Communists</subfield>
  </datafield>
  <datafield tag="650" ind1=" " ind2=" ">
   <subfield code="x">Biography,Vietnam</subfield>
  </datafield>
  <datafield tag="904" ind1=" " ind2=" ">
   <subfield code="i">Duy Bằng</subfield>
  </datafield>
  <datafield tag="980" ind1=" " ind2=" ">
   <subfield code="a">Trung tâm Học liệu Trường Đại học Cần Thơ</subfield>
  </datafield>
 </record>
</collection>
